000 00499nam a2200181Ia 4500
001 5132
005 20260306145845.0
008 260306t2015||||xx |||||||||||||| ||spa||
041 _aESP
082 _a333.7917
_bC28
100 _aCarretero Peña, Antonio
_eAUT
245 0 _aGestión de la eficiencia energética:
_bcálculo del consumo, indicadores y mejora. Edición 2015
260 _c2015
300 _a231 páginas :
_c24 cm.
650 _aGEN
654 _aCAN
942 _cLIB
_dJUS
_fJUS
_2ddc
_n
999 _c5132
_d5132